000 00749nam a2200205 a 4500
001 000999158
003 AM-YeHGA
005 20250617150426.0
008 140122s1947 ru r 000 0 rus d
040 _aAM-YeHGA
041 0 _arus
100 1 _aВиппер, Роберт Юрьевич
245 1 0 _aИстория средних веков /
_cР.Ю. Виппер ; МГУ им. М.В. Ломоносова.
260 _aМосква :
_bМГУ,
_c1947.
300 _a295 с.
650 1 4 _aИстория
_yСредине века
_vУчебники и пособия
710 2 _aМосковский государственный университет имени М.В. Ломоносова
942 _2udc
_cBK
090 _c332515
999 _c330754
_d330754